Online
Catalog

Historia del derecho dominicano / (Record no. 49173)

MARC details
000 -CABECERA
campo de control de longitud fija 01339nam a2200313 i 4500
001 - NÚMERO DE CONTROL
campo de control
003 - IDENTIFICADOR DEL NÚMERO DE CONTROL
campo de control DO-SdBNP
005 - FECHA Y HORA DE LA ÚLTIMA TRANSACCIÓN
campo de control 20240821142131.0
007 - CAMPO FIJO DE DESCRIPCIÓN FÍSICA--INFORMACIÓN GENERAL
campo de control de longitud fija ta
008 - DATOS DE LONGITUD FIJA--INFORMACIÓN GENERAL
campo de control de longitud fija 130408t1986 dr r 000 0 0pspa d
020 ## - NÚMERO INTERNACIONAL ESTÁNDAR DEL LIBRO
Número Internacional Estándar del Libro 8489525234
040 ## - FUENTE DE LA CATALOGACIÓN
Centro catalogador/agencia de origen DO-SdBNP
Lengua de catalogación spa
Centro/agencia transcriptor BNPHU
Normas de descripción rda
082 #4 - NÚMERO DE LA CLASIFICACIÓN DECIMAL DEWEY
Número de clasificación 349.7293
Número de documento/Ítem V422h,1986
Número de edición 22
100 1# - ENTRADA PRINCIPAL--NOMBRE DE PERSONA
Nombre de persona Vega B., Wenceslao,
Fechas asociadas al nombre 1932-
Numeración
9 (RLIN) 38670
Término indicativo de función/relación autor
245 10 - MENCIÓN DE TÍTULO
Título Historia del derecho dominicano /
Mención de responsabilidad, etc. Wenceslao Vega B.
250 ## - MENCIÓN DE EDICIÓN
Mención de edición
264 #4 - PRODUCCIÓN, PUBLICACIÓN, DISTRIBUCIÓN, FABRICACIÓN Y COPYRIGHT
Producción, publicación, distribución, fabricación y copyright Santo Domingo :
Nombre del de productor, editor, distribuidor, fabricante INTEC,
Fecha de producción, publicación, distribución, fabricación o copyright ©1986.
300 ## - DESCRIPCIÓN FÍSICA
Extensión x, 417 páginas ;
Dimensiones 23 cm.
336 ## - TIPO DE CONTENIDO
Fuente rdacontent
Término de tipo de contenido texto
Código de tipo de contenido txt
337 ## - TIPO DE MEDIO
Fuente rdamedia
Nombre/término del tipo de medio sin mediación
Código del tipo de medio n
338 ## - TIPO DE SOPORTE
Fuente rdacarrier
Nombre/término del tipo de soporte volumen
Código del tipo de soporte nc
500 ## - NOTA GENERAL
Nota general Incluye referencias bibliográficas y notas al pie de las páginas e índice.
504 ## - NOTA DE BIBLIOGRAFÍA, ETC.
Nota de bibliografía, etc. Bibliografía : páginas 379-383
505 ## - NOTA DE CONTENIDO CON FORMATO
Nota de contenido con formato Introducción --
Información miscelánea Capítulo 1--
Título Antecedentes--
Información miscelánea Capítulo 2--
Título El derecho castellano a fines del siglo XV --
Información miscelánea Capítulo 3--
Título El derecho en la sociedad taina de la Española --
Información miscelánea Capítulo 4--
Título El derecho del descubrimiento --
Información miscelánea Capítulo 5--
Título El primer derecho en la Isla Española --
Información miscelánea Capítulo 6--
Título Los primeros experimentos jurídicos.
590 ## - NOTA LOCAL (RLIN)
Nota local Inventariado, 2024/BT
650 #4 - PUNTO DE ACCESO ADICIONAL DE MATERIA--TÉRMINO DE MATERIA
Término de materia o nombre geográfico como elemento de entrada Derecho
Subdivisión geográfica República Dominicana
9 (RLIN) 1058
Subdivisión general Historia
910 ## - DATOS DE OPCIÓN DEL USUARIO (OCLC)
Datos de opción del usuario Validado. Control de calidad MFF
942 ## - ELEMENTOS DE PUNTO DE ACCESO ADICIONAL (KOHA)
Fuente del sistema de clasificación o colocación Dewey Decimal Classification
Tipo de ítem Koha Libro
Holdings
Estado de retiro Estado de pérdida Fuente del sistema de clasificación o colocación Restricciones de uso No para préstamo Código de colección Localización permanente Ubicación/localización actual Ubicación en estantería Fecha de adquisición Total de préstamos Signatura topográfica completa Código de barras Fecha visto por última vez Precio válido a partir de Tipo de ítem Koha Fuente de adquisición Número de copia
    Dewey Decimal Classification Excluido de préstamo   Patrimonio Dominicano Biblioteca Nacional Pedro Henríquez Ureña Biblioteca Nacional Pedro Henríquez Ureña Depósito 20.11.2020   BNPHU PD 349.7293 V422h, 1986 2020-0548 20.11.2020 20.11.2020 Libro    
    Dewey Decimal Classification Excluido de préstamo   Patrimonio Dominicano Biblioteca Nacional Pedro Henríquez Ureña Biblioteca Nacional Pedro Henríquez Ureña Depósito 20.11.2020   BNPHU PD 349.7293 V422h, 1986 2020-0549 20.11.2020 20.11.2020 Libro Donado por Laura Pujols e.2
    Dewey Decimal Classification Préstamo en sala   Dominicana de Servicio Biblioteca Nacional Pedro Henríquez Ureña Biblioteca Nacional Pedro Henríquez Ureña Depósito 04.04.2024   BNPHU DS 349.7293 V422h, 1986 2024-1787 04.04.2024 04.04.2024 Libro Donado por Emilio Cordero Michel e.3

Powered by Koha